000 00508nam a2200181Ia 4500
005 20250508155823.0
008 008 250505s9999 xx 000 0 eng d
037 _aTextual
040 _aFEDL
_beng
_cFEDL
041 _aeng
_2eng
084 _a370.7, IND
_qFEDL
245 0 _aIn-service education for teacher educators
260 _aNew Delhi, India
_bAssociation of Teacher Eductors
300 _a60p.
650 _aEducation
942 _cTEXL
_h370.7, IND
999 _c1359454
_d1359454